Beginnings and Ends Quiz Stats

 Plays Quiz Updated Mar 13, 2012

Challenge
Share
Tweet
Embed
Score 0/26 Timer 05:00
4 Plays Today
Beginning Word % Correct
hehelium
90.7%
enenough
87.2%
drdreamy
85%
vovortex
83.3%
yoyogurt
83.1%
agagenda
83%
zozodiac
81.5%
cucuckoo
80.7%
ththeory
80.3%
oyoyster
80.3%
momorbid
72.4%
popotato
70.9%
fufuture
65.5%
Beginning Word % Correct
kikidnap
64.9%
ururgent
62.6%
gegenial
60.7%
wewealth
59.7%
loloathe
54.8%
xexenons
53.2%
jajaguar
51.4%
nanausea
48.7%
ririsque
47.4%
ququorum
46%
iciconic
42.1%
blbluest
39%
sasavant
32.7%

You're not logged in!

Compare scores with friends on all Sporcle quizzes.
Join for Free
OR
Log In

You Might Also Like...

Show Comments

Extras

Top Quizzes Today


Score Distribution

Your Account Isn't Verified!

In order to create a playlist on Sporcle, you need to verify the email address you used during registration. Go to your Sporcle Settings to finish the process.

Report this User

Report this user for behavior that violates our Community Guidelines.

Details: